Normal view
MARC view
Entry Personal Name
001 - CONTROL NUMBER
- control field: 26333
003 - CONTROL NUMBER IDENTIFIER
- control field: OSt
005 - DATE AND TIME OF LATEST TRANSACTION
- control field: 20210804131417.0
008 - FIXED-LENGTH DATA ELEMENTS
- fixed length control field: 210804|| aca||aabn | a|a d
040 ## - CATALOGING SOURCE
- Original cataloging agency: OSt
- Transcribing agency: OSt
100 ## - HEADING--PERSONAL NAME
- Personal name: Rashkova, Ekaterina R. and Staak, Sam Van Der
670 ## - SOURCE DATA FOUND
- Source citation: Work cat.: (OSt)517308: Rashkova, Ekaterina R. and Staak, Sam Van Der, Globalisation and the Movement of People: What It Means for Party Politics? An Introduction
